<?xml version="1.0" encoding="UTF-8"?>
<record
    xmlns:xsi="http://www.w3.org/2001/XMLSchema-instance"
    xsi:schemaLocation="http://www.loc.gov/MARC21/slim http://www.loc.gov/standards/marcxml/schema/MARC21slim.xsd"
    xmlns="http://www.loc.gov/MARC21/slim">

  <leader>01103nam a22002297a 4500</leader>
  <controlfield tag="008">081007t        xxu||||| |||| 00| 0 mar</controlfield>
  <datafield tag="010" ind1=" " ind2=" ">
    <subfield code="a">MAR-20020</subfield>
  </datafield>
  <datafield tag="020" ind1=" " ind2=" ">
    <subfield code="c">380.00</subfield>
  </datafield>
  <datafield tag="035" ind1=" " ind2=" ">
    <subfield code="a">MR-12678</subfield>
  </datafield>
  <datafield tag="037" ind1=" " ind2=" ">
    <subfield code="b">D.B.Act /pub</subfield>
  </datafield>
  <datafield tag="082" ind1=" " ind2=" ">
    <subfield code="a">294.3</subfield>
  </datafield>
  <datafield tag="100" ind1=" " ind2=" ">
    <subfield code="a">&#x938;&#x93E;&#x933;&#x941;&#x902;&#x916;&#x947;, &#x906;.&#x939;. </subfield>
    <subfield code="9">37580</subfield>
  </datafield>
  <datafield tag="245" ind1=" " ind2=" ">
    <subfield code="a">&#x938;&#x930;&#x94D;&#x935;&#x94B;&#x924;&#x94D;&#x924;&#x92E; &#x92D;&#x942;&#x92E;&#x93F;&#x92A;&#x941;&#x924;&#x94D;&#x930;: &#x917;&#x94B;&#x924;&#x92E; &#x92C;&#x941;&#x926;&#x94D;&#x927;    /</subfield>
    <subfield code="c">&#x906;.&#x939;. &#x938;&#x93E;&#x933;&#x941;&#x902;&#x916;&#x947; </subfield>
  </datafield>
  <datafield tag="246" ind1=" " ind2=" ">
    <subfield code="a">Savottam Bhumiputra: Gotam Buddha </subfield>
    <subfield code="b">by A.H.Salunkhe </subfield>
  </datafield>
  <datafield tag="260" ind1=" " ind2=" ">
    <subfield code="a">&#x938;&#x93E;&#x924;&#x93E;&#x930;&#x93E;</subfield>
    <subfield code="b">&#x932;&#x94B;&#x915;&#x93E;&#x92F;&#x924; &#x92A;&#x94D;&#x930;&#x915;&#x93E;&#x936;&#x928; </subfield>
    <subfield code="c">2007</subfield>
  </datafield>
  <datafield tag="270" ind1=" " ind2=" ">
    <subfield code="a">13 &#x92F;&#x936;&#x935;&#x902;&#x924;&#x928;&#x917;&#x930;, &#x917;&#x947;&#x902;&#x921;&#x93E; &#x92E;&#x93E;&#x933;</subfield>
    <subfield code="b">&#x938;&#x93E;&#x924;&#x93E;&#x930;&#x93E;</subfield>
    <subfield code="e">415002</subfield>
    <subfield code="k">02162-252788, 250725</subfield>
  </datafield>
  <datafield tag="300" ind1=" " ind2=" ">
    <subfield code="a">648 &#x92A;&#x943;</subfield>
    <subfield code="c">22&#x938;&#x947;&#x92E;&#x940; (&#x938;&#x91C;&#x93F;&#x932;&#x94D;&#x926;)</subfield>
  </datafield>
  <datafield tag="650" ind1=" " ind2=" ">
    <subfield code="a">&#x92E;&#x930;&#x93E;&#x920;&#x940;</subfield>
    <subfield code="9">37581</subfield>
  </datafield>
  <datafield tag="650" ind1=" " ind2=" ">
    <subfield code="a">Marathi </subfield>
    <subfield code="9">37582</subfield>
  </datafield>
  <datafield tag="942" ind1=" " ind2=" ">
    <subfield code="2">ddc</subfield>
    <subfield code="c">MR</subfield>
    <subfield code="m">&#x938;&#x93E;&#x933;&#x941;&#x902;&#x916;&#x947;</subfield>
    <subfield code="h">294.3</subfield>
  </datafield>
  <datafield tag="999" ind1=" " ind2=" ">
    <subfield code="c">22329</subfield>
    <subfield code="d">22329</subfield>
  </datafield>
  <datafield tag="952" ind1=" " ind2=" ">
    <subfield code="0">0</subfield>
    <subfield code="1">0</subfield>
    <subfield code="2">ddc</subfield>
    <subfield code="4">0</subfield>
    <subfield code="7">1</subfield>
    <subfield code="8">NFIC</subfield>
    <subfield code="a">DBAD</subfield>
    <subfield code="b">DBAD</subfield>
    <subfield code="d">2009-01-23</subfield>
    <subfield code="e">DBAD</subfield>
    <subfield code="g">380.00</subfield>
    <subfield code="l">0</subfield>
    <subfield code="o">294.3 &#x938;&#x93E;&#x933;&#x941;&#x902;&#x916;&#x947;</subfield>
    <subfield code="p">MR-12678</subfield>
    <subfield code="r">2009-01-23 00:00:00</subfield>
    <subfield code="t">1</subfield>
    <subfield code="v">380.00</subfield>
    <subfield code="y">MR</subfield>
  </datafield>
</record>
